Quick Pick: Most Abundant Elements in the Earth's Crust Quiz Stats

 Plays Quiz Updated May 13, 2016

Challenge
Share
Tweet
Embed
Score 0/10 Timer 01:00
0 Plays Today
% Correct
Iron
81.3%
Oxygen
72.5%
Hydrogen
68%
Aluminium
67.9%
Sodium
67.8%
Calcium
67.7%
Silicon
66.1%
Magnesium
66%
Potassium
61%
Titanium
35.8%

Today's Daily Dose

You're not logged in!

Compare scores with friends on all Sporcle quizzes.
OR
Log In

You Might Also Like...

Show Comments

Extras

Top Quizzes Today


Score Distribution

Your Account Isn't Verified!

In order to create a playlist on Sporcle, you need to verify the email address you used during registration. Go to your Sporcle Settings to finish the process.

Report this User

Report this user for behavior that violates our Community Guidelines.

Details: